Local governance and the drivers of growth
Salvato in:
| Natura: | Libro |
|---|---|
| Lingua: | inglese |
| Pubblicazione: |
Paris
OECD
2005
|
| Serie: | Local economic and employment development
|
| Soggetti: | |
| Tags: |
Nessun Tag, puoi essere il primo ad aggiungerne!!
|
MARC
| LEADER | 00000nam$a2200000$$$4500 | ||
|---|---|---|---|
| 001 | 0040654 | ||
| 005 | 20240104134523.4 | ||
| 020 | |a 92-64-01329-6 | ||
| 041 | 0 | |a eng | |
| 044 | |a FR | ||
| 245 | 1 | 0 | |a Local governance and the drivers of growth |
| 264 | 1 | |a Paris |b OECD |c 2005 | |
| 300 | |a 278 s. | ||
| 490 | 1 | |a Local economic and employment development | |
| 830 | 0 | |a Local economic and employment development | |
| 610 | 2 | 0 | |a správa miestna |
| 610 | 2 | 0 | |a rozvoj regionálny |
| 610 | 2 | 0 | |a správa verejná |
| 610 | 2 | 0 | |a služby verejné |
| 610 | 2 | 0 | |a stratégia hospodárska |
| 610 | 2 | 0 | |a rozvoj hospodársky |
| 610 | 2 | 0 | |a porovnanie medzinárodné |
| 610 | 2 | 0 | |a USA |
| 610 | 2 | 0 | |a Európa |
| 610 | 2 | 0 | |a SVE |